000 00299nam a22001337a 4500
008 171030b xxu||||| |||| 00| 0 eng d
020 _a9780130479822
041 _aeng
080 _24 ED
_a336
100 _a56
101 _aFIN
245 _aFOUNDATIONS OF FINANCE
_cKEOWN.A.J
942 _2udc
_cBK
999 _c36391
_d36391